Le chef de l' etat republicain et le rajustement de l'executif : au seuil de la dictature
Αποθηκεύτηκε σε:
| Κύριος συγγραφέας: | |
|---|---|
| Μορφή: | Βιβλίο |
| Γλώσσα: | French |
| Δημοσίευση: |
Paris :
Librairie du Recueil Sirey,
1937.
|
| Θέματα: | |
| Ετικέτες: |
Προσθήκη ετικέτας
Δεν υπάρχουν, Καταχωρήστε ετικέτα πρώτοι!
|
MARC
| LEADER | 00000cam a2200000 i 4500 | ||
|---|---|---|---|
| 001 | 1/7102 | ||
| 008 | 000620s1937####fr || 000 | fre|| | ||
| 035 | |l 10062165 | ||
| 040 | |a GR-MY-UA |b gre |e aacr | ||
| 041 | 0 | |a fre | |
| 082 | 0 | |a 352 | |
| 100 | 1 | |a Δένδιας, Μιχαήλ Α. | |
| 245 | 1 | 3 | |a Le chef de l' etat republicain et le rajustement de l'executif : |b au seuil de la dictature / |c Michel Dendias. |
| 260 | |a Paris : |b Librairie du Recueil Sirey, |c 1937. | ||
| 300 | |a 200 σ. | ||
| 506 | 1 | |a Μόνο για ανάγνωση. |c Βρίσκεται σε ειδική συλλογή. Διαθέσιμο εάν ζητηθεί. | |
| 650 | 0 | 0 | |a Executive power. |
| 650 | 0 | 0 | |a Presidents. |
| 650 | 0 | 0 | |a Republics. |
| 650 | 0 | 0 | |a Dictators. |
| 852 | |a INST |b LESVOS |e 20000620 |h 352 ΔΕΝ |p 005100021021 |q 005100021021 |t BK |y 0 | ||
| 909 | |a Λ |b 044378 | ||
| 970 | |z 2000/06/ΟΙΚΟΝΟΜΟΠΟΥΛΟΥ ΧΡΙΣΤΙΝΑ | ||